Súbežné pracovné pomery a daň z príjmov

Súbeh viacerých pracovných pomerov, respektíve príjmov z nich a daňová legislatíva zákona o dani z príjmov. Oblasť nezdaniteľnej časti základu dane (NČZD) a jej uplatňovanie.

Saved in:
Bibliographic Details
Main Author: Borza, Michal
Format: Book Chapter
Language:Slovak
Subjects:
Tags: Add Tag
No Tags, Be the first to tag this record!

MARC

LEADER 00000nla$a2200000$$$4500
001 0149006
005 20240502072700.1
041 0 |a slo 
044 |a SK 
245 1 0 |a Súbežné pracovné pomery a daň z príjmov  |c Michal Borza 
520 |a Súbeh viacerých pracovných pomerov, respektíve príjmov z nich a daňová legislatíva zákona o dani z príjmov. Oblasť nezdaniteľnej časti základu dane (NČZD) a jej uplatňovanie. 
610 2 0 |a dane 
610 2 0 |a dane z príjmov 
610 2 0 |a základ dane 
610 2 0 |a predpisy daňové 
610 2 0 |a obdobie zdaňovacie 
610 2 0 |a miera zdanenia 
610 2 0 |a daňovníci 
100 1 |a Borza, Michal